000 01050nam a2200337Ia 4500
003 OSt
005 20220912144545.0
006 a|||||r|||| 00| 0
007 ta
008 220909b |||||||| |||| 00| 0 eng d
020 _a9788132111276 (hbk)
020 _aSL01561388
024 _a190561
037 _b1414, 14/03/2014, Select Book Service Syndicate
037 _cTextual
040 _aCSL
_beng
_cCSL
041 _aeng
082 _aY17:(X:1), Q4
100 _aMathur Nita Ed.
245 0 _aConsumer culture, modernity and identity
260 _aNew Delhi
_b Sage
_c2014
300 _axl, 399p.
500 _aInclude bibliographical references; About the editor and contributors 382-386p.; Index 387-399p.
650 _a Fashion and adevertising
650 _a Lifestyle Choices
650 _a Modern identities
650 _aAnthropology
700 _aMathur Nita Ed.
942 _hY17:(X:1), Q4
_cTEXL
_2CC
999 _c11963
_d11963